Suicidium jako řešení životní krize, východiska a situace

Saved in:
Bibliographic Details
Main Author Skácelová, Helena (Dissertant)
Other Authors Olejníček, Antonín (Thesis advisor)
Format Manuscript Book
LanguageCzech
Published 2011
Subjects
Online AccessPlný text v Digitální knihovně UTB
Physical Description93 s.

Cover

LEADER 00000ntm a22000007u 4500
001 zp18555
041 |a cze 
100 1 |a Skácelová, Helena  |4 dis 
245 1 0 |a Suicidium jako řešení životní krize, východiska a situace 
246 |a Suicide as a solution of live crisis, possibilities and situations 
260 |c 2011 
300 |a 93 s. 
500 |a Studijní obor: Sociální pedagogika 
500 |a Studijní obor: Social pedagogy 
500 |a Ústav: Katedra psychologie 
500 |a Univerzita Tomáše Bati ve Zlíně. Fakulta humanitních studií 
500 |a Tomas Bata University in Zlín. Faculty of Humanities 
506 |a Bez omezení 
653 |a Sociální patologie 
653 |a sociální deviace 
653 |a sebevražda 
653 |a motivy sebevražd 
653 |a příčiny sebevražd 
653 |a životní krize 
653 |a pomoc v krizi 
653 |a druhy prevence 
653 |a sociální pedagogika 
653 |a Social pathology 
653 |a social deviation 
653 |a suicide 
653 |a suicide motives 
653 |a causes of suicide 
653 |a life crisis 
653 |a help in crisis 
653 |a types of prevention 
653 |a social pedagogy 
653 |a child 
653 |a adolescent 
655 4 |a bakalářská práce 
700 1 |a Olejníček, Antonín  |4 ths 
710 2 |a Univerzita Tomáše Bati ve Zlíně. Fakulta humanitních studií  |4 dgg 
710 2 |a Tomas Bata University in Zlín. Faculty of Humanities  |4 dgg 
856 4 0 |u http://hdl.handle.net/10563/18097  |y Plný text v Digitální knihovně UTB